[Event "CHI-ch qual"]
[Site "Vina del Mar"]
[Date "2014.12.27"]
[Round "6.2"]
[White "Ruiz Zamorano, Maximiliano Benja"]
[Black "Perez Herrera, Juan"]
[Result "0-1"]
[WhiteElo "1588"]
[BlackElo "1743"]
[PlyCount "52"]
[EventDate "2014.12.26"]
[EventType "swiss"]
[EventRounds "6"]
[EventCountry "CHI"]
[SourceTitle "EXT 2024"]
[Source "ChessBase"]
[SourceDate "2023.10.10"]
[SourceVersion "1"]
[SourceVersionDate "2023.10.10"]
[SourceQuality "1"]

1. e4 c6 2. d4 d5 3. e5 Bf5 4. Be3 e6 5. Be2 Nd7 6. Nf3 c5 7. c3 a6 8. Nbd2 Rc8 9. a3 Ne7 10. 0-0 Bg4 11. h3 Bh5 12. b4 cxb4 13. cxb4 b5 14. Rc1 Nb6 15. Rxc8 Nexc8 16. Qc1 Nc4 17. Nxc4 dxc4 18. Qc3 Nb6 19. g4 Bg6 20. Kg2 Be7 21. Nd2 0-0 22. f4 Nd5 23. Qc1 Nxe3+ 24. Kh2 Nxf1+ 25. Qxf1 Qxd4 26. f5 Qxe5+ 0-1

[Event "CHI-ch qual"]
[Site "Vina del Mar"]
[Date "2014.12.26"]
[Round "1.3"]
[White "Perez Herrera, Juan"]
[Black "Rossel Grandon, Cristobal Alejandro"]
[Result "1-0"]
[WhiteElo "1743"]
[BlackElo "997"]
[PlyCount "29"]
[EventDate "2014.12.26"]
[EventType "swiss"]
[EventRounds "6"]
[EventCountry "CHI"]
[SourceTitle "EXT 2024"]
[Source "ChessBase"]
[SourceDate "2023.10.10"]
[SourceVersion "1"]
[SourceVersionDate "2023.10.10"]
[SourceQuality "1"]

1. e4 e6 2. d4 d5 3. exd5 exd5 4. c4 c6 5. Nc3 Bb4 6. Nf3 Bg4 7. Be2 Nf6 8. 0-0 Bxc3 9. bxc3 Ne4 10. Qb3 Qc7 11. cxd5 cxd5 12. Ba3 Nxc3 13. Rfe1 Ne4 14. Qxd5 Nc3 15. Bb5# 1-0